000 00260nam a2200121Ia 4500
008 190216s9999||||xx |||||||||||||| ||und||
100 _aRyan W J L
245 0 _aPrice Theory
260 _bMacmillan
_c1967
300 _a396p
650 _aEconomics
942 _cBK
999 _c9218
_d9218